<?xml version="1.0" encoding="UTF-8"?>
<record
    xmlns:xsi="http://www.w3.org/2001/XMLSchema-instance"
    xsi:schemaLocation="http://www.loc.gov/MARC21/slim http://www.loc.gov/standards/marcxml/schema/MARC21slim.xsd"
    xmlns="http://www.loc.gov/MARC21/slim">

  <leader>02666nam a22003254  4500</leader>
  <datafield tag="999" ind1=" " ind2=" ">
    <subfield code="c">107532</subfield>
    <subfield code="d">107532</subfield>
  </datafield>
  <controlfield tag="001">107532</controlfield>
  <controlfield tag="003">DR-UNIBE</controlfield>
  <controlfield tag="005">20221111113442.0</controlfield>
  <controlfield tag="007">cr nn 008mamaa</controlfield>
  <controlfield tag="008">200901b2014    sp |||||s|||| 00| 0 spa d</controlfield>
  <datafield tag="020" ind1=" " ind2=" ">
    <subfield code="a">9788429131048</subfield>
  </datafield>
  <datafield tag="040" ind1=" " ind2=" ">
    <subfield code="a">BIBLIOTECA UNIBE</subfield>
    <subfield code="c">BIBLIOTECA UNIBE</subfield>
  </datafield>
  <datafield tag="041" ind1=" " ind2=" ">
    <subfield code="a">spa</subfield>
  </datafield>
  <datafield tag="100" ind1="1" ind2=" ">
    <subfield code="a">Mattos, Aldo D.</subfield>
    <subfield code="9">39351</subfield>
    <subfield code="e">autor</subfield>
  </datafield>
  <datafield tag="100" ind1="1" ind2=" ">
    <subfield code="a">Valderrama, Fernando </subfield>
    <subfield code="e">autor</subfield>
    <subfield code="9">98265</subfield>
  </datafield>
  <datafield tag="245" ind1="1" ind2=" ">
    <subfield code="a">M&#xE9;todos de planificaci&#xF3;n y control de obras : del diagrama de barras al BIM</subfield>
  </datafield>
  <datafield tag="260" ind1=" " ind2=" ">
    <subfield code="a">Barcelona : </subfield>
    <subfield code="b">Revert&#xE9;,</subfield>
    <subfield code="c">2014.</subfield>
  </datafield>
  <datafield tag="300" ind1=" " ind2=" ">
    <subfield code="a">311 p&#xE1;ginas : </subfield>
    <subfield code="b">ilustraciones</subfield>
  </datafield>
  <datafield tag="490" ind1=" " ind2=" ">
    <subfield code="a">Manuales universitarios de edificaci&#xF3;n, </subfield>
    <subfield code="v">4</subfield>
  </datafield>
  <datafield tag="500" ind1=" " ind2=" ">
    <subfield code="a">Recurso en l&#xED;nea:
Disponible para miembros de UNIBE a trav&#xE9;s del portal web del CRAI: https://www.unibe.edu.do/biblioteca/libros-electronicos/</subfield>
  </datafield>
  <datafield tag="505" ind1=" " ind2=" ">
    <subfield code="a">Cap&#xED;tulo I La importancia de la planificaci&#xF3;n |
 Cap&#xED;tulo II Desviaciones en tiempo y coste |
 Cap&#xED;tulo III Ciclo de vida del proyecto |
 Cap&#xED;tulo IV La estructura de desglose de trabajo |
 Cap&#xED;tulo V Duraci&#xF3;n de las actividades |
 Cap&#xED;tulo VI Definici&#xF3;n de las precedencias |
 Cap&#xED;tulo VII Construcci&#xF3;n del diagrama de red |
 Cap&#xED;tulo VIII Fechas y holguras |
 Cap&#xED;tulo IX El diagrama de barras |
 Cap&#xED;tulo X El enfoque probabilista |
 Cap&#xED;tulo XI Curvas S |
 Cap&#xED;tulo XII Recursos |
 Cap&#xED;tulo XIII Aceleraci&#xF3;n |
 Cap&#xED;tulo XIV Planificaci&#xF3;n financiera y anal&#xED;tica |
 Cap&#xED;tulo XV Seguimiento |
 Cap&#xED;tulo XVI Programaci&#xF3;n |
 Cap&#xED;tulo XVII Diagramas de espacio-tiempo |
 Cap&#xED;tulo XVIII M&#xE9;todo del valor ganado EVM |
 Cap&#xED;tulo XIX Cadena cr&#xED;tica CCPM |
 Cap&#xED;tulo XX El futuro de la planificaci&#xF3;n y el BIM |
</subfield>
  </datafield>
  <datafield tag="520" ind1=" " ind2=" ">
    <subfield code="a">Este libro propone un recorrido por los m&#xE9;todos de planificaci&#xF3;n de los que disponen los profesionales de la construcci&#xF3;n, desde los tradicionales PERT y CPM hasta las &#xFA;ltimas teor&#xED;as.. La obra resulta ser un compendio de los fundamentos de la planificaci&#xF3;n, y combina las experiencias y especialidades de los autores en la creaci&#xF3;n y divulgaci&#xF3;n de herramientas de control del presupuesto, sistemas productivos, actividades, tareas, recursos y duraciones, revelando la importancia de la planificaci&#xF3;n de las obras en la conquista de la productividad.</subfield>
  </datafield>
  <datafield tag="650" ind1=" " ind2=" ">
    <subfield code="a">Construcci&#xF3;n</subfield>
    <subfield code="9">7903</subfield>
    <subfield code="x">Planificaci&#xF3;n</subfield>
  </datafield>
  <datafield tag="650" ind1=" " ind2=" ">
    <subfield code="a">Arquitectura </subfield>
    <subfield code="9">139568</subfield>
  </datafield>
  <datafield tag="650" ind1=" " ind2=" ">
    <subfield code="a">Construccion</subfield>
    <subfield code="x">Presupuestos</subfield>
    <subfield code="9">139721</subfield>
  </datafield>
  <datafield tag="650" ind1=" " ind2=" ">
    <subfield code="a">Gesti&#xF3;n de proyectos</subfield>
    <subfield code="9">139722</subfield>
  </datafield>
  <datafield tag="655" ind1=" " ind2="4">
    <subfield code="a">Recurso electr&#xF3;nico</subfield>
    <subfield code="9">42681</subfield>
  </datafield>
  <datafield tag="856" ind1="4" ind2="0">
    <subfield code="u">http://ezproxy.unibe.edu.do/login?url=https://search.ebscohost.com/login.aspx?direct=true&amp;scope=site&amp;db=nlebk&amp;db=nlabk&amp;AN=2449722</subfield>
  </datafield>
  <datafield tag="942" ind1=" " ind2=" ">
    <subfield code="2">ddc</subfield>
    <subfield code="c">EB</subfield>
  </datafield>
  <datafield tag="952" ind1=" " ind2=" ">
    <subfield code="0">0</subfield>
    <subfield code="1">0</subfield>
    <subfield code="2">ddc</subfield>
    <subfield code="7">0</subfield>
    <subfield code="8">eTEXT</subfield>
    <subfield code="a">Principal</subfield>
    <subfield code="d">2021-06-01</subfield>
    <subfield code="l">0</subfield>
    <subfield code="p">EB0206</subfield>
    <subfield code="r">2021-06-01 00:00:00</subfield>
    <subfield code="t">Ej. 1</subfield>
    <subfield code="w">2021-06-01</subfield>
    <subfield code="y">EB</subfield>
  </datafield>
</record>
